| 000 | 00345nam a2200145Ia 4500 | ||
|---|---|---|---|
| 008 | 150201s2006 xx 000 0 und d | ||
| 082 |
_a617.96 _bC06K |
||
| 100 | _aKAPLAN,JA | ||
| 245 | _aKAPLAN CARDIAC ANESTHESIA | ||
| 250 | _a5TH | ||
| 260 |
_bELSEVIER _aPHILADELPHIA _c2006 |
||
| 300 | _a1-1276 | ||
| 650 | _aANAESTHESIOLOGY | ||
| 942 |
_2ddc _cBK |
||
| 999 |
_c419 _d419 |
||